Central Library OPAC University of Rajshahi

Archaeological survey report of Bogra District / (Record no. 23427)

MARC details
000 -LEADER
fixed length control field 01085nam a2200289 a 4500
001 - CONTROL NUMBER
control field 23427
003 - CONTROL NUMBER IDENTIFIER
rucl marc code BD-RjUL
005 - DATE AND TIME OF LATEST TRANSACTION
control field 20211209000929.0
008 - FIXED-LENGTH DATA ELEMENTS--GENERAL INFORMATION
fixed length control field 140310s1986 bg abf b f000 0 eng
035 ## - SYSTEM CONTROL NUMBER
System control number (BD-RjUL)23492
040 ## - CATALOGING SOURCE
Original cataloging agency DLC
Transcribing agency DLC
Modifying agency BD-RjUL
Language of cataloging eng
041 ## - LANGUAGE CODE
Language code of text/sound track or separate title eng
082 00 - DEWEY DECIMAL CLASSIFICATION NUMBER
Classification number 934
Edition number 20
Author mark and year ALA 1986
100 1# - MAIN ENTRY--PERSONAL NAME
Personal name Ali, Mohammed,
Dates associated with a name 1946-
9 (RLIN) 72151
245 10 - TITLE STATEMENT
Title Archaeological survey report of Bogra District /
Statement of responsibility, etc. by Mohammed Ali, S.B. Bhattacharya ; edited by Nazimuddin Ahmed, A.K.M. Shamsul Alam.
260 ## - PUBLICATION, DISTRIBUTION, ETC. (IMPRINT)
Place of publication, distribution, etc. Dhaka :
Name of publisher, distributor, etc. Directorate of Archaeology and Museum,
Date of publication, distribution, etc. 1986.
300 ## - PHYSICAL DESCRIPTION
Pagination 206 p., [36] p. of plates :
Illustrations ill., maps ;
Size 25 cm.
504 ## - BIBLIOGRAPHY, ETC. NOTE
Bibliography, etc Includes bibliographical references.
650 #0 - SUBJECT ADDED ENTRY--TOPICAL TERM
Topical term or geographic name as entry element Excavations (Archaeology)
Geographic subdivision Bangladesh
-- Bogra (District).
9 (RLIN) 72152
651 #0 - SUBJECT ADDED ENTRY--GEOGRAPHIC NAME
Geographic name Bogra (Bangladesh : District)
General subdivision Antiquities.
9 (RLIN) 72153
700 1# - ADDED ENTRY--PERSONAL NAME
Personal name Bhattacharya, S. B.
Fuller form of name (Swapan Bikash),
Dates associated with a name 1944-
Personal name Ahmed, Nazimuddin,
Dates associated with a name 1926-
Personal name Shamsul Alam, A. K. M.
942 ## - ADDED ENTRY ELEMENTS (KOHA)
Source of classification or shelving scheme Dewey Decimal Classification
Koha item type Books
Holdings
Lost status Source of classification or shelving scheme Damaged status Not for loan Collection code Permanent Location Current Location Shelving location Date acquired Source of acquisition Cost, normal purchase price Total Checkouts Full call number Date last seen Copy number Koha item type
  Dewey Decimal Classification     Non-fiction Central Library, University of Rajshahi Central Library, University of Rajshahi   13/12/2000 Dept. of Archaeology 135.00   934 ALA 1986 10/03/2014 C-2 Books
  Dewey Decimal Classification   Not For Loan Non-fiction Central Library, University of Rajshahi Central Library, University of Rajshahi Reading Room 13/12/2000 Dhaka,potnototto ad. 135.00   934 ALA 1986 10/04/2017 C-1 Books